| 000 | 00773cam a22002533a 4500 | ||
|---|---|---|---|
| 001 | 28205 | ||
| 003 | PGUSA | ||
| 005 | 20140828083617.0 | ||
| 008 | 090227s2009||||xxu|||||s|||||000 | eng d | ||
| 040 |
_aPGUSA _beng |
||
| 042 | _adc | ||
| 050 | 4 | _aPS | |
| 100 | 1 | _aCarlton, Henry Fisk | |
| 245 | 1 | 0 |
_aWashington Crossing the Delaware _h[electronic resource] / _cHenry Fisk Carlton |
| 260 |
_bProject Gutenberg, _c2009 |
||
| 506 | _aPublic domain in the USA. | ||
| 516 | _aElectronic text | ||
| 653 | _aUnited States -- History -- Revolution, 1775-1783 -- Drama | ||
| 653 | _aWashington, George, 1732-1799 -- Drama | ||
| 700 | 1 |
_aZyve, Claire Turner, _d1895- |
|
| 830 | 0 |
_aProject Gutenberg _v28205 |
|
| 856 | 4 | 0 | _uhttp://www.gutenberg.org/ebooks/28205 |
| 942 | _cEB | ||
| 999 |
_c257460 _d257460 |
||